| 000 | 01487 a2200397 4500 | ||
|---|---|---|---|
| 999 |
_c200128998 _d21500 |
||
| 001 | 200128998 | ||
| 003 | TR-AnTOB | ||
| 005 | 20240910155449.0 | ||
| 008 | 130416s tu 000 0 | ||
| 020 | _a9789751735164 | ||
| 040 |
_aTR-AnTOB _cTR-AnTOB |
||
| 041 | _atur | ||
| 050 |
_aPN1993.5.T8 _bT87 2010 |
||
| 090 | _aPN1993.5.T8 . T87 2010 | ||
| 245 | 0 | 0 |
_aTürk sinemasında yerli arayışlar : _bYücel Çakmaklı, Halit Refiğ, Zeki Ökten anısına / _c[Elif Tunca ... et al.] ; editör Abdurrahman Şen. |
| 246 | 3 | 0 | _aYücel Çakmaklı |
| 246 | 3 | 0 | _aHalit Refiğ |
| 246 | 3 | 0 | _aZeki Ökten |
| 264 | 1 |
_aAnkara : _bKültür ve Turizm Bakanlığı, _c2010. |
|
| 300 |
_a503 p. : _bill. ; _c22 cm. |
||
| 336 |
_2rdacontent _atext _btxt |
||
| 337 |
_2rdamedia _aunmediated _bn |
||
| 338 |
_2rdacarrier _avolume _bnc |
||
| 490 | 0 |
_aT.C. Kültür ve Turizm Bakanlığı Kütüphaneler ve Yayımlar Genel Müdürlüğü ; _v3276 _aAnma ve armağan kitapları Dizisi ; _v24 |
|
| 600 | 1 | 0 |
_aÖkten, Zeki _959020 |
| 600 | 1 | 0 |
_aÇakmaklı, Yücel, _d1937-2009 _988006 |
| 600 | 1 | 0 |
_aRefiğ, Halit, _d1934-2009 _988007 |
| 650 | 0 |
_aSinema _zTürkiye _xTarih ve eleştiri _951004 |
|
| 650 | 0 |
_aMotion picture industry _zTurkey _xHistory _988010 |
|
| 650 | 0 |
_aMotion pictures _zTurkey _xHistory and criticism _988011 |
|
| 650 | 0 | 0 |
_aSinema endüstrisi _zTürkiye _xTarih _995479 |
| 700 | 1 |
_aŞen, Abdurrahman, _d1955- _988008 |
|
| 700 | 1 |
_aTunca, Elif _988009 |
|
| 942 |
_cBK _2lcc |
||